000 00289nam a22001337a 4500
008 170616b xxu||||| |||| 00| 0 eng d
020 _a0452269423
041 _aeng
080 _a328
100 _a20
101 _aSHP
245 _aREINVENTING GOVERNMENT
_cOSBORNE,D
942 _2udc
_cBK
999 _c17947
_d17947